[Event "Baden-Baden"]
[Site "Baden-Baden"]
[Date "1992.12.15"]
[Round "10"]
[White "Lautier, Joel"]
[Black "Lutz, Christopher"]
[Result "0-1"]
[WhiteElo "2580"]
[BlackElo "2550"]
[Annotator "Ribli,Z"]
[PlyCount "98"]
[EventDate "1992.12.??"]
[EventType "tourn"]
[EventRounds "11"]
[EventCountry "GER"]
[EventCategory "14"]
[SourceTitle "CBM 033"]
[Source "ChessBase"]
[SourceDate "1993.04.01"]
[SourceVersion "1"]
[SourceVersionDate "1993.04.01"]
[SourceQuality "1"]

1. c4 c5 2. Nf3 Nc6 3. d4 cxd4 4. Nxd4 Nf6 5. Nc3 e6 6. g3 Qb6 7. Nb3 Ne5 8. e4
Bb4 9. Qe2 d6 10. Bd2 $5 (10. f4 $5) 10... O-O $1 (10... Bd7 $6 11. f4 Ng6 12.
Bg2 Bc6 13. O-O-O O-O 14. Kb1 a5 15. Be3 Qc7 16. Nb5 Bxb5 17. cxb5 a4 18. Nd4
a3 19. b6 $1 Qe7 20. Nc2 d5 21. Qb5 Ng4 22. Bd4 Bd6 23. e5 Bxe5 24. fxe5 axb2
25. Bc5 $18 {Kortschnoj,V-Anand,V Paris Immopar 25' 1991 EXP/26}) 11. f4 $6 (
11. O-O-O $5 a5 12. f4 Nc6 13. Be3 Qa6 14. Nb5 a4 15. Nc7 axb3 16. Nxa6 bxa2
17. Kc2 Rxa6 $44 {Glejzerov-Dvojris Cheljabinsk 1989/90 49/(50)}) 11... Nc6 12.
O-O-O e5 $1 13. Nd5 (13. f5 a5 14. Be3 Qa6 15. Nb5 a4 16. Nc7 axb3 17. Nxa6
bxa2 18. Kc2 Rxa6 $44) 13... Nxd5 14. cxd5 Bxd2+ 15. Qxd2 Nb4 16. Kb1 Bd7 17.
a3 Na6 18. Na5 Nc5 19. Nc4 Qc7 20. fxe5 dxe5 21. Qe3 f6 22. Rc1 Rac8 23. Be2 b5
$1 24. Nd2 Qb6 25. Rc2 $2 (25. Rc3 $5) 25... f5 $1 $36 26. Rc3 (26. Bf3 $2 Nxe4
27. Qxb6 Nxd2+ 28. Rxd2 axb6 $19) 26... Nxe4 27. Nxe4 Qxe3 28. Rxe3 fxe4 29.
Rc1 Kf7 30. Rxc8 Rxc8 31. Rc3 Rxc3 32. bxc3 Ke7 33. Kc2 Kd6 34. Kd2 Kxd5 $19
35. Ke3 Bc6 36. Bf1 Kc5 37. Be2 h6 38. Bf1 Bd5 39. Be2 Bc4 40. Bd1 Bd3 41. Bb3
g5 42. Kd2 Bc4 43. Bd1 Be6 44. Be2 g4 $1 45. Ke3 Bf5 46. Bf1 a5 47. Be2 a4 $1
48. Kf2 h5 49. Ke3 Bg6 (49... Bg6 50. Bf1 Bf7 51. Kxe4 (51. Be2 Bc4 52. Bd1 Bd3
$19) 51... Bc4 $19) 0-1

[Event "Elenite"]
[Site "Elenite"]
[Date "1993.??.??"]
[Round "6"]
[White "Georgiev, Kiril"]
[Black "Kolev, Atanas"]
[Result "1-0"]
[WhiteElo "2660"]
[BlackElo "2500"]
[Annotator "Ribli,Z"]
[PlyCount "69"]
[EventDate "1993.??.??"]
[EventType "tourn"]
[EventRounds "11"]
[EventCountry "BUL"]
[EventCategory "14"]
[SourceTitle "CBM 038"]
[Source "ChessBase"]
[SourceDate "1994.02.01"]
[SourceVersion "1"]
[SourceVersionDate "1994.02.01"]
[SourceQuality "1"]

1. c4 c5 2. Nf3 Nf6 3. Nc3 Nc6 4. d4 cxd4 5. Nxd4 e6 6. a3 Bc5 (6... Be7 $5 {
Xu Jun-Adorjan,A/Shenzhen/1992/CBM31/}) 7. Nb3 Be7 8. e4 O-O 9. Be2 b6 10. O-O
Bb7 (10... Ba6 $5 $13 {Stohl,I-Horvath,Jo/Stary Smokovec/1990/INF50,(45)/}) 11.
f4 d6 12. Be3 Rc8 13. Bf3 Qc7 14. Rc1 (14. g4 $13 {Kortschnoj,V-Lautier,J/
Manila izt/1990/CBM19/INF49,50/}) 14... Qb8 15. Qe2 Qa8 $6 (15... Nd7 $5 $13 {
Sokolov,I-Illescas Cordoba,M/Pamplona/1992/CBM33/INF56,44/}) 16. g4 $1 Rfe8 17.
g5 Nd7 18. h4 a6 19. Nd2 Bf8 20. b4 g6 21. Rfd1 a5 (21... Bg7 22. Nb3 Qb8 23.
Qd2 $16) 22. b5 Ne7 23. Na4 Qa7 24. Nb3 d5 (24... Nc5 25. Nbxc5 dxc5 26. Rd7
$16) 25. cxd5 exd5 26. Bg4 $1 Rxc1 27. Rxc1 Ba8 28. e5 $1 (28. Bxd7 $2 Qxd7 29.
Nxb6 Qh3 $13) 28... Nc8 29. e6 Nc5 (29... fxe6 30. Rxc8 Rxc8 31. Bxe6+ Kh8 32.
Bd4+ (32. Nxb6 $5) 32... Bg7 33. Bxg7+ Kxg7 34. Qb2+ Kf8 35. Qh8+ Ke7 36. Qxc8
Kxe6 37. Nd4+ Kd6 38. Qe8 $18) 30. Nbxc5 bxc5 31. Nxc5 Bxc5 32. Bxc5 Qb8 33.
Qe5 Qxe5 34. exf7+ Kxf7 35. fxe5 1-0

[Event "Hoogovens op"]
[Site "Wijk aan Zee"]
[Date "1993.01.??"]
[Round "5"]
[White "Azmaiparashvili, Zurab"]
[Black "Wolff, Patrick G"]
[Result "1-0"]
[WhiteElo "2655"]
[BlackElo "2580"]
[Annotator "Ribli,Z"]
[PlyCount "75"]
[EventDate "1993.01.??"]
[EventType "swiss"]
[EventRounds "12"]
[EventCountry "NED"]
[SourceTitle "CBM 034"]
[Source "ChessBase"]
[SourceDate "1993.06.01"]
[SourceVersion "1"]
[SourceVersionDate "1993.06.01"]
[SourceQuality "1"]

1. Nf3 c5 2. c4 Nc6 3. Nc3 Nf6 4. d4 cxd4 5. Nxd4 e6 6. Ndb5 d5 7. Bf4 e5 8.
cxd5 exf4 9. dxc6 bxc6 10. Qxd8+ Kxd8 11. Nd4 (11. Rd1+ Bd7 12. Nd6 Bxd6 13.
Rxd6 Rb8 $1 14. Rd2 Ke7 15. g3 fxg3 16. hxg3 Rb4 17. Bg2 c5 18. Nd5+ Nxd5 19.
Bxd5 Bf5 20. f3 h6 21. e4 Be6 $10 {Wojtkiewicz,A-Eingorn,V Tilburg1. 1992 CBM/
32}) 11... Bd7 (11... Kc7 $6 12. g3 Bc5 13. Rc1 $1 fxg3 14. hxg3 Ba6 15. Nxc6
$1 Bb7 16. Na4 $16 {Kortschnoj,V-Portisch,L Bad Kissingen m/3 1983 35/53}) 12.
g3 Rb8 13. O-O-O Kc7 14. gxf4 Ng4 15. Rd2 Nxf2 16. Rg1 g6 17. Bg2 Ng4 $2 (17...
Bg7 18. e4 $5) 18. Bxc6 $1 Bxc6 19. Rxg4 Bd6 20. Rc2 $1 $16 f5 21. Ncb5+ Rxb5
22. Nxb5+ Kb6 23. Nxd6 fxg4 24. Nc4+ Kb5 25. Ne5 Be4 26. Rc4 Bd5 27. a4+ Kb6
28. Rb4+ Kc5 29. Rb5+ Kd6 30. Nxg4 Rf8 31. Ne3 Bc6 32. Rb4 g5 33. Rd4+ Kc5 34.
Rc4+ Kd6 35. fxg5 Rf2 36. h4 Rxe2 37. Nf5+ Kd5 38. Rxc6 $1 1-0

[Event "Baden-Baden-B"]
[Site "Baden-Baden"]
[Date "1992.12.13"]
[Round "8"]
[White "Uhlmann, Wolfgang"]
[Black "Van der Wiel, John"]
[Result "1/2-1/2"]
[WhiteElo "2480"]
[BlackElo "2545"]
[Annotator "Ribli,Z"]
[PlyCount "76"]
[EventDate "1992.12.??"]
[EventType "tourn"]
[EventRounds "11"]
[EventCountry "GER"]
[EventCategory "11"]
[SourceTitle "CBM 033"]
[Source "ChessBase"]
[SourceDate "1993.04.01"]
[SourceVersion "1"]
[SourceVersionDate "1993.04.01"]
[SourceQuality "1"]

1. c4 c5 2. Nf3 Nc6 3. d4 cxd4 4. Nxd4 Nf6 5. Nc3 e6 6. g3 Qb6 7. Nb3 Ne5 8. e4
Bb4 9. Qe2 d6 10. f4 Nc6 11. Be3 Bxc3+ 12. bxc3 Qc7 13. Bg2 O-O $1 (13... b6
14. e5 dxe5 15. fxe5 Nd7 16. Nd4 Nxd4 17. cxd4 Bb7 18. Bxb7 Qxb7 19. O-O O-O
20. Qg4 $36 {Rohde,M-Gulko,B Cambridge 1991 52/49}) 14. c5 dxc5 15. Bxc5 Rd8
16. e5 Na5 $1 17. exf6 (17. Qb5 Nxb3 18. axb3 Bd7 $13 {Smejkal,J-Lau,R Porz
1992 CBM/31}) 17... Nxb3 18. axb3 Qxc5 19. Qe5 $1 $8 Qb6 20. Qg5 Qe3+ 21. Kf1
Qd3+ 22. Kg1 Qg6 (22... Qe3+ $10) 23. fxg7 (23. Qxg6 hxg6 24. fxg7 Rd3 25. Rc1
Bd7 $15) 23... Qxg5 24. fxg5 Rd3 25. Rc1 Bd7 26. Bf1 Re3 (26... Rd2 $5 27. h4
Bc6 28. Rh2 Rad8 $15) 27. Kf2 Re5 28. Bg2 $1 Rxg5 29. Rhd1 Bc6 30. Bxc6 bxc6
31. Rd6 Rb5 32. Rxc6 Rxb3 33. Rc7 a5 34. Rd1 Rb5 35. Rdd7 Rf5+ 36. Ke3 a4 37.
Ra7 Ra5 38. Rd8+ $1 Rxd8 1/2-1/2

[Event "Pamplona 9293 3rd"]
[Site "Pamplona"]
[Date "1992.??.??"]
[Round "7"]
[White "Illescas Cordoba, Miguel"]
[Black "Yudasin, Leonid"]
[Result "1-0"]
[WhiteElo "2600"]
[BlackElo "2635"]
[Annotator "Ribli,Z"]
[PlyCount "55"]
[EventDate "1992.12.??"]
[EventType "tourn"]
[EventRounds "9"]
[EventCountry "ESP"]
[EventCategory "13"]
[SourceTitle "CBM 033"]
[Source "ChessBase"]
[SourceDate "1993.04.01"]
[SourceVersion "1"]
[SourceVersionDate "1993.04.01"]
[SourceQuality "1"]

1. Nf3 c5 2. c4 Nc6 3. d4 cxd4 4. Nxd4 Nf6 5. Nc3 e6 6. g3 Qb6 7. Nb3 Bb4 $6 8.
Bg2 Ne5 (8... Qa6 9. c5 b6 10. cxb6 $6 axb6 11. Bg5 Bb7 12. O-O d5 13. Nd4 Nxd4
14. Qxd4 Be7 $13 {Gurevich,D-De Firmian,N USA-ch 1989 CBM/19}) 9. c5 $5 (9. Be3
$5 Qa6 10. c5 Nc4 11. Bc1 d5 12. cxd6 O-O 13. O-O Bxd6 14. Qd3 $14 {
Romanischin,O-Hulak,K URS-Yugoslavia 1976 21/59}) 9... Bxc5 10. Nxc5 Qxc5 11.
O-O d5 (11... O-O 12. Bf4 $1 d6 13. Rc1 $44) 12. e4 dxe4 (12... d4 13. Na4 $36)
13. Nxe4 Nxe4 14. Bxe4 O-O 15. Bf4 $1 $44 f5 $2 (15... f6 $5) 16. Rc1 Qa5 17.
b4 $1 Qxb4 18. Bxe5 Qxe4 19. Re1 Qd5 (19... Qg4 20. Rc7 Rf7 21. Qd8+ Rf8 22.
Qe7 $18) 20. Rc7 Rf7 21. Rxf7 Kxf7 22. Qh5+ Kf8 23. Qxh7 $18 Bd7 24. Qxg7+ Ke8
25. Bf6 Qd6 26. Qg6+ Kf8 27. Qg7+ Ke8 28. Qg8+ (28. Qg8+ Qf8 29. Rxe6+ Bxe6 30.
Qxe6+ $18) 1-0

[Event "Drammen Smartfish Masters"]
[Site "Drammen"]
[Date "2005.01.01"]
[Round "5"]
[White "Kortschnoj, Viktor Lvovich"]
[Black "Macieja, Bartlomiej"]
[Result "1/2-1/2"]
[WhiteElo "2601"]
[BlackElo "2613"]
[Annotator "Ribli,Z"]
[PlyCount "82"]
[EventDate "2004.12.27"]
[EventType "tourn"]
[EventRounds "9"]
[EventCountry "NOR"]
[EventCategory "14"]
[SourceTitle "CBM 105"]
[Source "ChessBase"]
[SourceDate "2005.04.11"]
[SourceVersion "1"]
[SourceVersionDate "2005.04.11"]
[SourceQuality "1"]

1. Nf3 c5 2. c4 Nc6 3. d4 cxd4 4. Nxd4 e6 5. Nc3 Nf6 6. a3 {Dieser - auf den
ersten Blick bescheidene - Zug ist besonders populär in der letzten Zeit -
Weiß bestimmt noch nicht sein Spielplan, denn er verhindert die Möglichkeit
Bf8-Bb4.} Be7 7. e4 O-O 8. Nf3 $5 {Das ist Kortschnojs Lieblingsfortsetzung.
Nach dem Springerzug kann Schwarz nicht den Befreiungszug 8...d7-d5
durchführen, was im Falle von 8.Be2 möglich wäre.} b6 (8... Qc7 9. Bg5 b6 10.
Bd3 h6 $5 11. Bh4 Nh5 12. Bxe7 Nxe7 13. O-O Ba6 14. Rc1 Nf4 15. Nb5 Bxb5 16.
cxb5 Qd6 17. Bb1 Qxd1 18. Rcxd1 d5 19. e5 g5 $1 {1-0 Kortschnoj,V-Ponomariov,R/
Donetsk 2001/CBM 81/[Kortschnoj] (66)}) (8... d6 9. Be2 b6 10. Bf4 Bb7 11. Qd3
Qb8 12. Rd1 Ne5 13. Qb1 Ng6 14. Bg3 Nh5 15. Qc1 Nxg3 16. hxg3 {1/2-1/2
Kortschnoj,V-Akesson,R/Antwerp op 1995/EXT 95op (51)}) 9. Bf4 (9. Be2 Bb7 10.
O-O d6 (10... Qc7 11. Bg5 Rad8 12. Qd2 d6 13. b4 Nb8 14. Bd3 Nbd7 15. Rfe1 Rfe8
16. h3 {1/2-1/2 Delchev,A-Graf,A/Batumi 2002/CBM 90/[Kostakiev,D] (66)}) 11.
Bf4 Rc8 12. Rc1 Ne5 (12... a6 13. Qd3 Ng4 14. Rfd1 Nge5 15. Nxe5 dxe5 16. Be3
Bc5 17. Qd7 {1/2-1/2 Kortschnoj,V-Stohl,I/Tilburg rapid20 1993/CBM 39 (55)})
13. Nd2 a6 14. Re1 Rc7 15. Be3 Ned7 16. b4 Qa8 17. Na4 Rc6 18. Qb3 Bd8 19. f3
Rc8 20. Kh1 Bc7 {0-1 Cheparinov,I-Karjakin,S/Wijk aan Zee 2005/CBM 105(43)})
9... Bb7 10. Bd3 Nh5 (10... d6 11. O-O Ng4 12. Re1 Nge5 13. Rc1 Rc8 14. Bf1 {
1/2-1/2 Benkovic,P-Perunovic,M/Dimitrovgrad YUG 2003/}) 11. Be3 Qc7 {[%cal
Gh5f4] Schwarz spielt noch nicht d7-d6, weil er zuerst Nf4 ziehen möchte.} 12.
O-O (12. Nb5 $5 Qb8 13. O-O Nf4 14. Bc2) 12... Rac8 13. Re1 Nf4 14. Bc2 (14.
Bf1 Ng6 15. Rc1 Qb8 $11) 14... Ng6 15. Nb5 Qb8 16. b3 {Natürlich wäre 16.
Qxd7?? ganz schlecht wegen 16...Rfd8 mit Damenfang. Wir haben eigentlich eine
typische Igelstellung, in der Weiß mehr Raum kontrolliert, aber die schwarze
Stellung fest ist; desweiteren hat er keine Schwächen.} Rfd8 $11 {[%cal Gd7d5]
Schwarz mobilisiert seine Figuren und frueher, oder spaeter er moechte den Zug
d7-d5 durchfuehren.} 17. Qd2 Nce5 18. Nxe5 Nxe5 19. Bf4 (19. Rad1 $5) 19... d6
20. Nd4 Ng6 21. Bg3 Bf6 $1 {[%csl Gf6][%cal Gf6e5,Ge5g3][%mdl 32] Schwarz
aktiviert den Läufer und bereitet den Zug 22...Be5 vor.} 22. Rad1 Be5 23. Qe3 (
23. f4 Bxd4+ 24. Qxd4 e5 25. Qf2 exf4 26. Bxf4 Nxf4 27. Qxf4 Qc7 $11) 23... d5
$1 {[%mdl 256] Dieser Befreiungszug führt zu Vereinfachungen.} (23... Bxg3 24.
Qxg3 d5 $2 25. Qxb8 Rxb8 26. cxd5 exd5 27. e5 $16 {[%csl Gd4,Ge5]}) 24. exd5 (
24. Bxe5 Qxe5 25. exd5 Qxe3 26. Rxe3 exd5 $11) 24... Bxg3 25. hxg3 (25. Qxg3
Qxg3 26. hxg3 exd5 $11) 25... exd5 26. Nf5 {Weiß hat ein wenig Aktivität, aber
Schwarz kann das Gleichgewicht halten.} (26. cxd5 Rxd5 $11) 26... dxc4 27. Qc3
f6 28. Rxd8+ Rxd8 29. Qxc4+ Bd5 30. Qb5 Bf7 31. Ne7+ Nxe7 32. Rxe7 Kf8 (32...
Re8 33. Rd7 $11 (33. Bxh7+ $4 {Mit diesem Zug gewinnt Weiß einen Bauern, aber
verliert die Partie.} Kxh7 34. Rxf7 Kg6 $19 {[%csl Rg1][%cal Re8e1,Re1g1,Gb8h8,
Gh8h1]})) 33. Re3 Bg6 {Mit einfachen Zügen tauscht Schwarz die weißen Figuren.}
34. Qb4+ Qd6 35. Qxd6+ Rxd6 36. Bxg6 Rd1+ (36... hxg6 37. Kf1 $11) 37. Kh2 hxg6
38. g4 b5 39. b4 Kf7 40. f4 Rc1 41. Kg3 Rc4 1/2-1/2

[Event "EU-ch 6th"]
[Site "Warsaw"]
[Date "2005.06.20"]
[Round "3"]
[White "Wells, Peter K"]
[Black "Jakovenko, Dmitrij"]
[Result "0-1"]
[WhiteElo "2525"]
[BlackElo "2608"]
[Annotator "Ribli,Z"]
[PlyCount "78"]
[EventDate "2005.06.18"]
[EventType "swiss"]
[EventRounds "13"]
[EventCountry "POL"]
[SourceTitle "CBM 108"]
[Source "ChessBase"]
[SourceDate "2005.09.26"]
[SourceVersion "1"]
[SourceVersionDate "2005.09.26"]
[SourceQuality "1"]

1. c4 c5 2. Nf3 Nc6 3. d4 {Weiß strebt eine halboffene Stellung an; im Falle
von 3.Nc3 kann Schwarz 3...e5 ziehen. Diese Spielweise ist in der letzten Zeit
populär geworden.} cxd4 4. Nxd4 Nf6 5. Nc3 e6 6. g3 Qb6 7. Ndb5 {Die
Alternative ist 7.Nb3.} Ne5 8. Bf4 d6 {Dieser Zug wird selten gespielt, die
Hauptvariante ist 8...Nfg4!?, die Schwarz vollwertiges Spiel bietet. Vor zwei
Jahren spielte der englische Großmeister diese Variante mit Schwarz.} (8...
Nfg4 $5 9. e3 a6 10. h3 axb5 11. hxg4 Nxc4 12. Qb3 d5 13. Bxc4 dxc4 14. Qxb5+
Qxb5 15. Nxb5 Bb4+ 16. Ke2 O-O 17. Bd6 Bxd6 18. Nxd6 e5 19. Nxc8 Rfxc8 20. Rhd1
Rc5 {1/2-1/2 Motwani,P-Wells,P/Port Erin IOM 2003/(41)}) (8... Bc5 $6 9. Bg2 $1
a6 (9... Bxf2+ 10. Kf1 Nfg4 11. Qd6 $1 Nxc4 12. Nc7+ Kd8 13. Qxb6 Bxb6 14. Nxa8
$18) 10. Na4 Qa5+ 11. Bd2 Bb4 12. Nc7+ Qxc7 13. Bxb4 Nxc4 14. Rc1 a5 15. Ba3
Ra6 16. b3 {1-0 Bruzon Bautista,L-Volokitin,A/Lausanne 2001/CBM 82 ext (78)})
9. Bg2 Nfg4 {Dieser Springerzug ist nicht so stark wie 8...Nfg4!?.} (9... Be7
$2 10. c5 $1 $16 Qxc5 11. Be3 {[%csl Rc5]} Qc4 12. b3 (12. Nxd6+ Bxd6 13. Qxd6
Ned7 14. Rc1 $16 {[%csl Rc4,Re8]}) (12. Nxd6+) 12... Qb4 13. Nc7+ Kd8 (13...
Kd7 14. Nxa8 Qxc3+ 15. Bd2 $16) 14. Nxa8 Qxc3+ 15. Bd2 {1-0 Romero Holmes,
A-Karjakin,S/Benidorm 2003/CBM 99/[Ribli Zoltan] (35)}) (9... a6 10. Qa4 Nfd7
11. c5 Nxc5 12. Nxd6+ Ke7 13. Nd5+ $18) (9... Bd7 10. Be3 Qd8 11. Nxd6+ Bxd6
12. Qxd6 Nxc4 13. Qd4 Nxe3 14. Qxe3 $14) 10. O-O $14 a6 11. Na4 (11. Qa4 Bd7
12. h3 Rc8 13. hxg4 Nxc4 $15 {[%cal Gd7a4]}) 11... Qd8 12. Na3 Ng6 (12... Be7
13. c5 $16) 13. Bd2 {Beide Spieler haben Probleme mit der Positionierung ihrer
Springer: die weißen stehen unglücklich auf a4 und a3, ebenso die schwarzen
auf g6 und g4. Anderseits verfügt Weiß über Raumvorteil und gute Entwicklung.}
Rb8 (13... Be7 14. h3 Nf6 15. Be3 $14) 14. c5 $5 {[%mdl 512] Statt der ruhigen
Alternative 14.h3 spielt Weiß eine aktive Fortsetzung: er opfert einen Bauern
für Initiative.} (14. h3 Nf6 15. Be3 b6 16. Nc3 $14) 14... dxc5 15. Nc4 {
[%csl Ga4,Gc4,Gd2][%cal Gd2a5]} N4e5 {Schwarz muss seinen Springer schnell zur
Verteidigung seiner Stellung zurück bringen.} (15... b5 16. Ba5 Qxd1 17. Rfxd1
bxc4 (17... Bd7 18. Nab6) 18. Bc6+ Bd7 (18... Ke7 19. Bd8#) 19. Rxd7 $18) 16.
Nxe5 (16. Ncb6 Bd7 17. f4 $44) 16... Nxe5 17. Bf4 $44 {Weiß hat
ausgezeichnetes Figurenspiel und ausreichende Kompensation für den Minusbauern.
} Qc7 18. Rc1 {[%cal Gb2b4,Gc1c7]} b6 (18... Be7 19. Nxc5 Bxc5 20. b4 b6 21.
Qb3 $36) 19. b4 (19. Bxe5 Qxe5 20. Bc6+ Ke7 21. Qb3 $44) 19... Bd7 20. bxc5
bxc5 21. Qc2 (21. Nxc5 $2 Bxc5 22. Be3 Rb5 23. Qc2 O-O 24. a4 (24. Bxc5 Rc8 $19
{[%cal Rc8c1]}) 24... Ra5 25. Bxc5 Rc8 26. Bb4 Qxc2 27. Rxc2 Rxc2 28. Bxa5 Bxa4
$17) 21... c4 22. Rfd1 $1 {Weiß spielt sehr stark, da er die
Figurenkonzentration am Damenflügel erhöht.} Rb4 (22... Ba3 $2 23. Qc3 $18) 23.
Nb2 f6 24. a3 $6 (24. Bxe5 Qxe5 25. Nxc4 $16) 24... Rb5 25. Bxe5 (25. Nxc4 Qxc4
26. Qxc4 Nxc4 27. Rxc4 $14) 25... Rxe5 26. Nxc4 Rc5 27. Qd2 $4 {[%mdl 8192]
Bis jetzt spielte Weiß in gutem und schönen Stil, aber dieser Zug ist ein
unglaublicher Fehler, der mindestens einen halben Punkt kostet.} (27. Qe4 Be7
28. Rc2 O-O 29. Rcd2 Rxc4 30. Rxd7 Qxd7 31. Rxd7 Rxe4 32. Bxe4 Bxa3 33. Ra7 $11
) 27... Ba4 $19 {[%csl Rc4][%cal Ra4d1] Jetzt "hängt" der Nc4 und der Rd1;
Weiß hat keine Verteidigung.} 28. Qe3 (28. Ne3 Bxd1 29. Rxd1 Be7 $19) 28...
Bxd1 29. Qxe6+ Be7 30. Rxd1 Rxc4 31. Bd5 Rc1 32. Rxc1 (32. Qf7+ Kd8 $19 (32...
Kd7 $4 33. Be6+ $18)) 32... Qxc1+ 33. Kg2 Qc7 34. Qf7+ Kd8 35. Qxg7 Rf8 36.
Qxh7 f5 37. h4 Qe5 38. Bf3 Qf6 39. e4 Rh8 0-1

[Event "Bundesliga 0506"]
[Site "Germany"]
[Date "2006.02.18"]
[Round "10.2"]
[White "Nikolic, Predrag"]
[Black "Almasi, Zoltan"]
[Result "1/2-1/2"]
[WhiteElo "2584"]
[BlackElo "2640"]
[Annotator "Ribli,Z"]
[PlyCount "97"]
[EventDate "2005.10.21"]
[EventType "team-tourn"]
[EventRounds "15"]
[EventCountry "GER"]
[SourceTitle "CBM 112"]
[Source "ChessBase"]
[SourceDate "2006.06.07"]
[SourceVersion "1"]
[SourceVersionDate "2006.06.07"]
[SourceQuality "1"]
[WhiteTeam "Solingen"]
[BlackTeam "Kreuzberg"]
[WhiteTeamCountry "GER"]
[BlackTeamCountry "GER"]

1. Nf3 c5 2. c4 Nc6 3. d4 cxd4 4. Nxd4 Nf6 5. g3 {Eine clevere Zugfolge: Weiß
spielt zuerst 5.g3 und nicht 5.Nc3, wonach 5...e6 6.g3 Qb6 eine gute
Alternative für Schwarz ist.} e6 6. Bg2 Bb4+ 7. Nc3 Qb6 {Mit Zugumstellung
haben wir die Variante 5.Nc3 e6 6.g3 Bb4 erreicht (statt der guten Fortsetzung
6...Qb6) 7.Bg2 Qb6.} 8. Ndb5 a6 {Dieser Zug erscheint mir ein wenig passiv,
ich glaube 8...d5 ist eine bessere Alternative für Schwarz.} 9. Nd6+ Ke7 10.
Nxc8+ Raxc8 11. O-O $1 {[%mdl 4] Weiß hat keine Angst vor strukturellen
Schwächen und spielt auf Entwicklungsvorteil, anstatt mit 11.Bd2 ein Tempo zu
verlieren.} Bxc3 (11... Rhd8 12. Na4 Qd4 13. Be3 $16) 12. bxc3 Na5 (12... d6
13. Be3 Qc7 14. c5 d5 15. Bf4 e5 16. Bg5) 13. Rb1 {Mit Tempo für Weiß.} Qc7 (
13... Qxb1 $4 14. Ba3+ $18) (13... Qc5 14. Qa4) 14. Qa4 {[%csl Ga4,Gc1,Re7,Gg2]
Schwarz verfügt über die bessere Bauernstruktur, aber das hat keine Bedeutung,
da alle weißen Figuren sehr aktiv stehen.} b6 (14... Nxc4 15. Rxb7 $16 (15.
Bxb7 $16)) {[#]} 15. c5 $1 {Statt Bauerngewinn mit 15.Qb4+ opfert Weiß selbst
einen Bauern und öffnet die Stellung.} (15. Ba3+ d6) (15. Qb4+ d6 16. Qxb6 Qxb6
17. Rxb6 Nxc4 18. Rxa6 Rc7) 15... bxc5 16. Rd1 $44 {[%csl Gc1,Re7,Gg2][%cal
Gb1b8,Gd1d8] Weiß hat das Läuferpaar und aktive Türme auf den offenen Linien.
Damit besitzt er ausreichende Kompensation für den Minusbauern. Auch wenn der
schwarze König in der Mitte steht, so muss Weiß sehr genau spielen,um zu
gewinnen.} Nc6 17. Bf4 e5 18. Be3 Na5 {Dieser Springerzug ist sicherlich nicht
"schön", aber auf diese Weise verteidigt sich Schwarz gegen Rb7 und den
c5-Bauern.} (18... d6 19. Qxa6 Nb8 20. Qa3 $18) 19. c4 $16 {Weiß hat weiterhin
nachhaltige Kompensation für den Minusbauern: er kontrolliert die
spielentscheidenden Felder.} (19. Rd2 $5 $16 {[%cal Gb1d1,Gd1d7]}) 19... Rb8
20. h3 (20. Bd2 Nc6 21. Qxa6 $16) 20... Rhc8 $8 (20... d6 $2 21. Bd2 $18) 21.
Rxb8 Rxb8 22. Bd2 Nc6 {Dieser Springer hat während der gesamten Partie große
Schwierigkeiten ein strategisch wichtiges Feld zu erobern.} 23. Qxa6 Rb2 (23...
Qd6 $5) 24. Qa3 {[%cal Ra3b2,Ra3e7]} Rc2 25. Qa4 (25. Qxc5+ $1 Qd6 (25... Ke8
26. Bb4 $18) (25... Ke6 26. Bd5+ $18) 26. Qxd6+ Kxd6 27. Bh6+ Ke7 28. Bxg7 $16)
25... Rb2 26. e3 $6 {Weiß möchte das Läuferpaar behalten; seine Stelung ist
jetzt allerdings nicht mehr so gewinnversprechend. .} (26. Qa3 Rc2 27. Qxc5+)
26... Qb6 (26... Qd6) 27. Bc3 (27. g4 $5) 27... Rb1 28. Rxb1 Qxb1+ 29. Kh2 Ne4
$1 {[%csl Gb1,Ge4] Nach diesem aktivem Springerzug erhält Schwarz ein
ausgeglichenes Spiel.} 30. Qa3 Nxc3 (30... Kd6 31. Bxe4 Qxe4 32. Qb3 Qf3 33.
Qc2 Ke6 $11) 31. Qxc5+ $6 (31. Qxc3 Qb4 (31... Qxa2 $2 32. Bxc6 dxc6 33. Qxe5+
$18) (31... f6 32. Bxc6 dxc6 33. Qd2 $14)) 31... Kd8 32. Bxc6 dxc6 33. Qa5+ Kd7
34. Qxc3 Qxa2 $11 {[%mdl 4096] Nach Komplikationen haben wir ein gleiches
Damenendspiel erreicht.} 35. Kg2 Ke6 (35... f6 $2 36. Qd3+ $16) 36. Qb4 (36.
Qd3 h6 $11 (36... g6 $11)) 36... Qc2 37. g4 Qe4+ 38. Kg3 Qd3 (38... g6 $11) 39.
Qf8 Qxc4 40. Qxg7 {Weiß hat die bessere Bauern- und Königsstellung, aber das
hat keine Bedeutung, Schwarz kann das Gleichgewicht halten.} Qe4 41. Qf8 Qc2
42. Qe8+ Kf6 43. h4 Qe4 44. Qf8 Ke6 45. g5 f5 46. f3 Qb1 47. Qf6+ (47. Qe8+ Kd6
48. Qd8+ Kc5 49. Qe7+ Kd5 50. Qd7+ Kc5 $11) 47... Kd5 48. Qf7+ Kd6 49. Qf6+
1/2-1/2